[Event "MTO"]
[Site "Biel SUI"]
[Date "2010.07.28"]
[Round "9"]
[White "Onoprienko,V"]
[Black "Lampert,J"]
[Result "1-0"]
[WhiteElo "2343"]
[BlackElo "2106"]
[EventDate "2010.07.19"]

1. e4 c5 2. Nf3 d6 3. c3 Nf6 4. Be2 g6 5. O-O Bg7 6. Bb5+ Bd7 7. Bxd7+ Qxd7
8. Re1 O-O 9. d4 cxd4 10. cxd4 d5 11. e5 Ne4 12. Nbd2 Nxd2 13. Bxd2 Nc6 14.
Rc1 Rfc8 15. Qb3 e6 16. h3 Rc7 17. Rc2 Rac8 18. Rec1 Ne7 19. Bg5 Rxc2 20.
Rxc2 Rxc2 21. Qxc2 Qc6 22. Qd2 Nc8 23. Bh6 Qc7 24. Qg5 Bxh6 25. Qxh6 Nb6
26. h4 Nd7 27. h5 Qc2 28. hxg6 hxg6 29. Qd2 Qxd2 30. Nxd2 Kg7 31. Kf1 g5
32. Ke2 Kg6 33. Nb1 Kf5 34. Nc3 a6 35. Ke3 f6 36. exf6 Nxf6 37. Na4 Nd7 38.
b4 b6 39. Nc3 Nf6 40. f3 e5 41. Ne2 Ne8 42. dxe5 Kxe5 43. Nd4 Nd6 44. Nc6+
Ke6 45. Kd3 Kd7 46. Nb8+ Ke6 47. Nxa6 Ke5 48. Nc7 Nc4 49. Nb5 Nb2+ 50. Kc2
Nc4 51. Kc3 Ne3 52. a4 Nxg2 53. a5 bxa5 54. bxa5 d4+ 55. Nxd4 Kd6 56. Kb4
Nf4 57. a6 Kc7 58. Ka5 Kb8 59. Nc6+ Kc7 60. Nd8 Kb8 61. Nf7 Ne6 62. Kb6 Ka8
63. Nd6 Nf8 64. Ne4 Nd7+ 65. Kb5 Ka7 66. Nxg5 Nb8 67. f4 Nxa6 68. f5 Nc7+
69. Kc6 Ne8 70. Ne4 Ng7 71. f6 Ne6 72. Kd7 Nf8+ 73. Ke8 Ng6 74. f7 Kb7 75.
Nd6+ Kc6 76. Nf5 Kd5 77. Ne7+ Ke6 78. Nxg6 1-0

[Event "MTO"]
[Site "Biel SUI"]
[Date "2010.07.28"]
[Round "9"]
[White "Donchenko,An"]
[Black "Bozinovic,Bog"]
[Result "1/2-1/2"]
[WhiteElo "2378"]
[BlackElo "2232"]
[EventDate "2010.07.19"]

1. Nf3 e6 2. g3 Nf6 3. Bg2 Be7 4. c4 O-O 5. d4 d5 6. O-O dxc4 7. Qc2 a6 8.
a4 Nc6 9. Qxc4 Nb4 10. Bg5 b5 11. Qb3 bxa4 12. Rxa4 Rb8 13. Nc3 Bd7 14.
Raa1 c5 15. Bf4 Rb6 16. dxc5 Bxc5 17. Na4 Bxa4 18. Qxa4 Nbd5 19. Be5 Nd7
20. Rad1 Nxe5 21. Nxe5 Qc7 22. Nd3 Nb4 1/2-1/2

[Event "MTO"]
[Site "Biel SUI"]
[Date "2010.07.28"]
[Round "9"]
[White "Donchenko,Alexa"]
[Black "Kamber,B"]
[Result "1/2-1/2"]
[WhiteElo "2174"]
[BlackElo "2302"]
[EventDate "2010.07.19"]

1. d4 g6 2. Nf3 Bg7 3. g3 Nf6 4. Bg2 O-O 5. O-O d6 6. c4 Nc6 7. Nc3 Bd7 8.
Ne1 Rb8 9. Nc2 e5 10. dxe5 dxe5 11. b3 Re8 12. Bb2 e4 13. Nd5 Nxd5 14. Bxg7
Nf4 15. Bb2 Nxg2 16. Kxg2 Ne5 17. Ne3 f6 18. Qd5+ Be6 19. Qxd8 Rbxd8 20.
Bxe5 fxe5 21. Rfd1 Rd4 22. Nc2 c5 23. Nxd4 exd4 24. a3 Bg4 25. Kf1 a5 26.
Rab1 Kg7 27. Rd2 Bh3+ 28. Kg1 Bf5 29. Rbb2 e3 30. fxe3 Rxe3 31. Kf2 Rc3 32.
Rd1 Be4 33. Ke1 h5 34. Kd2 a4 35. bxa4 Bc6 36. Ra1 h4 37. gxh4 Rxc4 38. Rc1
Rxa4 39. Rxc5 Rxa3 40. Rc4 Rh3 41. Rxd4 Kf6 42. e3 Rxh2+ 43. Kc3 Rh3 44.
Rf4+ Ke5 45. Kd3 Rg3 46. Rc4 Kd5 47. Rd4+ Ke5 48. Rc2 Bb5+ 49. Kd2 Rg2+ 50.
Kc1 Rg1+ 51. Kb2 Bc6 52. Rc5+ Ke6 53. Kc2 Kf6 54. Rf4+ Kg7 55. Kd3 Rd1+ 56.
Ke2 Rd6 57. e4 Re6 58. Ke3 Rd6 59. e5 Rd1 60. Ke2 Rd7 61. e6 Re7 62. Re5
Bg2 63. Ke3 Bh3 64. Rb4 Bxe6 65. Rbe4 Kf6 66. Kf4 b6 67. Rb4 Rh7 68. Rxe6+
1/2-1/2

[Event "MTO"]
[Site "Biel SUI"]
[Date "2010.07.29"]
[Round "10"]
[White "Kosintseva,N"]
[Black "Bauer,Ch"]
[Result "1/2-1/2"]
[WhiteElo "2551"]
[BlackElo "2612"]
[EventDate "2010.07.19"]

1. e4 d5 2. exd5 Qxd5 3. Nc3 Qa5 4. d4 Nf6 5. Bd2 Bg4 6. Nf3 e6 7. h3 Bh5
8. g4 Bg6 9. Ne5 Qb6 10. Qe2 Nc6 11. Nc4 Qa6 12. Nb5 O-O-O 13. c3 Nd5 14.
Bg2 Kb8 15. a4 Bd6 16. O-O Nb6 17. b3 Rhe8 18. Rfe1 e5 19. d5 Nxc4 20. bxc4
Na5 21. Be3 b6 22. c5 bxc5 23. c4 Qc8 24. Nc3 Ka8 25. Rab1 Bxb1 26. Rxb1
Qa6 27. Rb5 e4 28. Nxe4 Nb7 29. Qc2 Rb8 30. Nc3 Na5 31. Qd3 g6 32. Bf3 Nb3
33. Kg2 Rb6 34. Qd1 Na5 35. Bxc5 Nxc4 36. Bxb6 axb6 37. Ne4 Kb8 38. Qb3 Na5
39. Qd3 Nb7 40. Qc2 Rd8 41. Ng5 Rd7 42. Nxh7 Nc5 43. Nf6 Re7 44. Ne4 Nxe4
45. Bxe4 f5 46. Bf3 Re5 47. Qc4 fxg4 48. Bxg4 Re1 49. Bd7 Ka7 50. a5 Rb1
51. axb6+ cxb6 52. Qd3 Rxb5 53. Bxb5 Qb7 54. Bc6 Qf7 55. Qb3 Qf5 56. Qa4+
Kb8 57. Qa8+ Kc7 58. Qb7+ Kd8 59. Qxb6+ Bc7 60. Qe3 Bd6 61. Qb6+ Bc7 62.
Qd4 Be5 63. Qh4+ Bf6 64. Qb4 Be5 65. Qh4+ Bf6 66. Qg3 Be5 67. Qa3 Qe4+ 68.
Qf3 Qxf3+ 69. Kxf3 Ke7 70. Kg4 Kf6 71. h4 Bd6 72. f4 Bc7 73. Ba4 Bd6 74.
Bc2 Bc7 75. f5 gxf5+ 76. Bxf5 Kg7 1/2-1/2

[Event "MTO"]
[Site "Biel SUI"]
[Date "2010.07.29"]
[Round "10"]
[White "Lysyj,I"]
[Black "Kritz,L"]
[Result "1/2-1/2"]
[WhiteElo "2631"]
[BlackElo "2618"]
[EventDate "2010.07.19"]

1. Nf3 d5 2. d4 Nf6 3. c4 c6 4. e3 a6 5. Nc3 b5 6. b3 Bg4 7. Be2 Nbd7 8.
O-O e6 9. Bb2 Bd6 10. h3 Bf5 11. Nh4 Be4 12. f3 Bg6 13. c5 Bc7 14. Nxg6
hxg6 15. Bd3 e5 16. f4 b4 17. Na4 e4 18. Be2 Nh5 19. Qe1 g5 20. Bc1 a5 21.
g4 Nhf6 22. Kg2 Nf8 23. f5 g6 24. Qf2 Rh6 25. Bd2 Qe7 26. Nb6 Bxb6 27. cxb6
gxf5 28. gxf5 N6d7 29. Rac1 Nxb6 30. f6 Qd6 31. Qg3 Qxg3+ 32. Kxg3 Kd7 33.
a3 bxa3 34. Ra1 Nh7 35. Rxa3 Nxf6 36. Rxa5 Rxa5 37. Bxa5 Nc8 38. Bb4 Nd6
39. Kg2 Ke6 40. Rc1 Kd7 41. Ra1 Nfe8 42. Ra7+ Ke6 43. Ra6 Kd7 44. Ba5 Rh8
45. Ra7+ Ke6 46. Ra6 Kd7 47. Ra7+ Ke6 48. Ra6 1/2-1/2

[Event "MTO"]
[Site "Biel SUI"]
[Date "2010.07.29"]
[Round "10"]
[White "Golod,V"]
[Black "Feller,S"]
[Result "1-0"]
[WhiteElo "2585"]
[BlackElo "2611"]
[EventDate "2010.07.19"]

1. d4 Nf6 2. c4 e6 3. Nc3 Bb4 4. Qc2 c5 5. dxc5 Qc7 6. Nf3 Bxc5 7. e3 a6 8.
b3 Be7 9. Bb2 d6 10. g4 h6 11. Rg1 b6 12. h4 Bb7 13. Be2 Nfd7 14. g5 Ne5
15. gxh6 g6 16. Nxe5 dxe5 17. h5 g5 18. Ne4 Nc6 19. Nxg5 O-O-O 20. a3 Rhg8
21. Nf3 Rxg1+ 22. Nxg1 f5 23. Nf3 e4 24. Nd4 Nxd4 25. Bxd4 Rxd4 26. exd4
Bg5 27. Qc3 Bxh6 28. Qg3 Qd8 29. Rd1 f4 30. Qg6 e3 31. fxe3 fxe3 32. Qxe6+
Kb8 33. Qg4 Qf8 34. Rd3 Ka7 35. b4 Qf2+ 36. Kd1 Qh2 37. Kc2 Bc8 38. Qf3 Bf5
39. c5 Be4 40. Qxe4 Qxe2+ 41. Kb3 1-0

[Event "MTO"]
[Site "Biel SUI"]
[Date "2010.07.29"]
[Round "10"]
[White "Pelletier,Y"]
[Black "Al Sayed,Mohammed"]
[Result "1-0"]
[WhiteElo "2589"]
[BlackElo "2498"]
[EventDate "2010.07.19"]

1. Nf3 Nf6 2. c4 g6 3. Nc3 Bg7 4. d4 O-O 5. e4 d6 6. Be2 Nbd7 7. O-O e5 8.
Be3 Re8 9. d5 Nh5 10. g3 Bf8 11. Ne1 Ng7 12. b4 f5 13. f3 Be7 14. Nd3 Bg5
15. Bxg5 Qxg5 16. Qc1 Qe7 17. c5 Nf6 18. Qe3 Rf8 19. Rac1 a6 20. a4 Kh8 21.
Kh1 Bd7 22. b5 axb5 23. axb5 Ngh5 24. exf5 Bxf5 25. Nf2 Ra3 26. Qd2 Bd7 27.
c6 bxc6 28. bxc6 Bc8 29. Ra1 Rb3 30. Rfb1 Rxb1+ 31. Rxb1 Ng7 32. g4 Kg8 33.
Rb8 h5 34. h3 Nh7 35. Nce4 hxg4 36. hxg4 Qh4+ 37. Kg2 Nf6 38. Nxf6+ Qxf6
39. Ne4 Qh4 40. Qg5 Qe1 41. Bd3 1-0

[Event "MTO"]
[Site "Biel SUI"]
[Date "2010.07.29"]
[Round "10"]
[White "Gleizerov,E"]
[Black "Kaplan,S"]
[Result "1-0"]
[WhiteElo "2573"]
[BlackElo "2422"]
[EventDate "2010.07.19"]

1. d4 d5 2. c4 c6 3. Nf3 Nf6 4. Nc3 e6 5. g3 dxc4 6. Bg2 b5 7. O-O Bb7 8.
e4 Nbd7 9. e5 Nd5 10. Ng5 Be7 11. Qh5 g6 12. Qh6 Bf8 13. Qh3 Nxc3 14. bxc3
Be7 15. Ne4 O-O 16. Qh6 f5 17. exf6 Bxf6 18. a4 a6 19. Bg5 Bxg5 20. Nxg5
Qe7 21. Rfe1 Rf6 22. axb5 axb5 23. Rxa8+ Bxa8 24. Ra1 Rf8 25. Bh3 Nf6 26.
Bxe6+ Kh8 27. Ra7 1-0

[Event "MTO"]
[Site "Biel SUI"]
[Date "2010.07.29"]
[Round "10"]
[White "Nezad,H"]
[Black "Maze,S"]
[Result "*"]
[WhiteElo "2398"]
[BlackElo "2573"]
[EventDate "2010.07.19"]

1. e4 c5 2. Nf3 Nc6 3. Bb5 d6 4. Bxc6+ bxc6 5. O-O Bg4 6. h3 Bh5 7. d3 Nf6
8. Nbd2 Nd7 9. c3 e6 10. b4 Be7 11. bxc5 Nxc5 12. d4 Nd3 13. Qa4 O-O 14.
Ba3 d5 15. Bxe7 Qxe7 16. Qc2 Nf4 17. Kh2 c5 18. g3 dxe4 19. Qxe4 Nd5 20.
Qe5 Bxf3 21. Nxf3 cxd4 22. c4 Nb6 23. Qxd4 Rac8 24. Rac1 Rfd8 25. Qe4 Qc5
26. Ne5 h6 27. Kg1 Rd4 28. Qe2 Rcd8 29. Rfe1 Rd2 30. Qf3 f6 31. Ng4 h5 32.
Ne3 Rxa2 33. Qe4 Kf7 34. Rb1 Rad2 35. Rf1 Qd4 36. Qf3 *

[Event "MTO"]
[Site "Biel SUI"]
[Date "2010.07.29"]
[Round "10"]
[White "Ulibin,M"]
[Black "Onoprienko,V"]
[Result "1-0"]
[WhiteElo "2540"]
[BlackElo "2343"]
[EventDate "2010.07.19"]

1. d4 c5 2. d5 Nf6 3. Nc3 g6 4. e4 d6 5. Bb5+ Bd7 6. a4 Bg7 7. Nf3 O-O 8.
h3 Bxb5 9. axb5 Nbd7 10. O-O Nb6 11. Qe2 Nfd7 12. Bf4 Qc7 13. Rfd1 c4 14.
Ra2 Qc5 15. Be3 Qc7 16. Rda1 Nc5 17. Nd4 Qb8 18. h4 h5 19. Nf3 Qc7 20. Bd4
Bxd4 21. Nxd4 Ncd7 22. Rxa7 Rxa7 23. Rxa7 Qc5 24. Qd2 Nf6 25. Rxb7 Ra8 26.
Nc6 Nbd7 27. g3 Ne5 28. Kg2 Ra1 29. Qh6 Qxf2+ 30. Kxf2 Neg4+ 31. Ke2 Nxh6
32. b6 Rh1 33. Rxe7 Nhg4 34. b7 Rh2+ 35. Ke1 1-0

[Event "MTO"]
[Site "Biel SUI"]
[Date "2010.07.29"]
[Round "10"]
[White "Misiano,F"]
[Black "Pavlovic,Milos"]
[Result "1/2-1/2"]
[WhiteElo "2316"]
[BlackElo "2534"]
[EventDate "2010.07.19"]

1. e4 c6 2. d4 d5 3. Nc3 dxe4 4. Nxe4 Bf5 5. Ng3 Bg6 6. h4 h6 7. Nf3 Nd7 8.
h5 Bh7 9. Bd3 Bxd3 10. Qxd3 e6 11. Bf4 Ngf6 12. O-O-O Be7 13. Ne4 Nxe4 14.
Qxe4 Nf6 15. Qe2 Qd5 16. Kb1 Nxh5 17. Bc1 Nf6 18. Ne5 Rf8 19. f3 O-O-O 20.
g4 Bd6 21. c4 Qa5 22. Nd3 Rfe8 23. f4 c5 24. Be3 cxd4 25. Bxd4 Bc7 26. Bc3
Qa4 27. b3 Qc6 28. Rhe1 Re7 29. g5 hxg5 30. fxg5 Ne8 31. Kb2 Red7 32. Nb4
Qb6 33. Rxd7 Rxd7 34. g6 fxg6 35. Qxe6 Qxe6 36. Rxe6 Nf6 37. Nd5 Nxd5 38.
cxd5 g5 39. Rg6 Bf4 40. Rxg7 Rxg7 41. Bxg7 g4 42. Bd4 Bc7 43. Kc2 g3 44.
Kd2 g2 45. Ke2 Bh2 46. Bxa7 Kc7 47. Bc5 g1=Q 48. Bxg1 Bxg1 49. Kd3 Kb6 50.
Kc4 Bc5 51. b4 Bd6 52. a4 Bf8 53. Kb3 Be7 54. Kc4 1/2-1/2

[Event "MTO"]
[Site "Biel SUI"]
[Date "2010.07.29"]
[Round "10"]
[White "Cebalo,M"]
[Black "Eichhorn,An"]
[Result "1/2-1/2"]
[WhiteElo "2500"]
[BlackElo "2294"]
[EventDate "2010.07.19"]

1. d4 e6 2. c4 f5 3. g3 Nf6 4. Bg2 c6 5. Nf3 d5 6. Qc2 Bd6 7. Bf4 Bxf4 8.
gxf4 O-O 9. Nbd2 Ne4 10. e3 Nd7 11. h4 Ndf6 12. Ne5 Bd7 13. Bxe4 fxe4 14.
O-O-O Be8 15. Kb1 Nd7 16. Nb3 Rf5 17. Ka1 Rh5 18. Nxd7 Qxd7 19. Rdg1 Rc8
20. Rg5 h6 21. Re5 Qe7 22. cxd5 Rxe5 23. d6 Qxd6 24. dxe5 Qe7 25. Qxe4 Rd8
26. a3 c5 27. Rg1 Bc6 28. Qg6 Be8 29. Qc2 b6 30. Nd2 Ba4 31. Qxa4 Rxd2 32.
Qc6 Qd7 33. Qf3 Qb5 34. Rb1 Qd3 35. Qc6 Qb3 36. f5 exf5 37. Qc8+ Kh7 38.
Qxf5+ Kg8 39. e6 Qd5 40. Qf7+ Kh8 41. h5 Rd1 42. Qe8+ Kh7 43. Qg6+ Kh8 44.
Qg4 Rd3 45. Qg6 Rd1 46. e4 Rxb1+ 47. Kxb1 Qd3+ 48. Kc1 Qf1+ 49. Kd2 Qxf2+
50. Kd3 b5 51. Qf5 Qxb2 52. Qf8+ Kh7 53. Qf5+ Kh8 54. Qf8+ 1/2-1/2

[Event "MTO"]
[Site "Biel SUI"]
[Date "2010.07.29"]
[Round "10"]
[White "Bok,B"]
[Black "Ootes,La"]
[Result "1-0"]
[WhiteElo "2449"]
[BlackElo "2315"]
[EventDate "2010.07.19"]

1. e4 d6 2. d4 Nf6 3. Nc3 g6 4. g3 Bg7 5. Bg2 O-O 6. Nge2 e5 7. h3 c6 8. a4
Nbd7 9. O-O b6 10. d5 c5 11. a5 Ba6 12. axb6 axb6 13. Be3 Nh5 14. Bf3 Qe8
15. Kg2 Kh8 16. Bxh5 gxh5 17. g4 Rg8 18. Rh1 h4 19. f3 Bf6 20. Qd2 Be7 21.
Kf2 b5 22. b3 b4 23. Na4 Bb5 24. Nb2 Nb6 25. c4 Bd7 26. Nd3 Rb8 27. Ra6 Bc8
28. Ra7 Nd7 29. Rha1 Bb7 30. Qb2 Rg7 31. Bh6 Rg6 32. Bd2 Rg7 33. Ne1 Nf6
34. Ng2 Ng8 35. Ne3 Bc8 36. Ra8 Rb7 37. Nf5 Rg6 38. R1a6 Qd7 39. Qa1 Rc7
40. Rb6 Nf6 41. Rbb8 Rg8 42. Bh6 Qd8 43. Rxc8 Rxc8 44. Rxc8 Qxc8 45. Nxe7
Qa8 46. Qc1 1-0

[Event "MTO"]
[Site "Biel SUI"]
[Date "2010.07.29"]
[Round "10"]
[White "Roiz,M"]
[Black "Rasch,H"]
[Result "1-0"]
[WhiteElo "2645"]
[BlackElo "2264"]
[EventDate "2010.07.19"]

1. Nf3 c5 2. c4 Nf6 3. Nc3 e6 4. g3 b6 5. Bg2 Bb7 6. O-O Be7 7. d4 cxd4 8.
Qxd4 d6 9. Rd1 a6 10. Bg5 Nbd7 11. Qd2 O-O 12. Bf4 Ne8 13. Rac1 Qc7 14. b3
Rc8 15. Bg5 Nef6 16. Bf4 Ne8 17. Ne1 Bxg2 18. Nxg2 Qb7 19. Qd3 Rd8 20. Ne1
Nef6 21. Qf3 Qxf3 22. Nxf3 Nc5 23. Nd2 Rc8 24. Be3 Rfd8 25. f3 Ncd7 26. g4
h6 27. h4 Ne8 28. g5 hxg5 29. hxg5 g6 30. Nde4 b5 31. cxb5 d5 32. Nf2 Ba3
33. bxa6 Bxc1 34. Rxc1 Nb8 35. a7 Nc6 36. Nb5 d4 37. Bd2 Nd6 38. Nxd6 Rxd6
39. Ne4 Rdd8 40. a8=Q Rxa8 41. Rxc6 Rxa2 42. Kf2 d3 43. exd3 Rxd3 44. Rc8+
Kg7 45. Ke2 Rd5 46. Ke3 Ra3 47. Bc3+ e5 48. Nf6 1-0

[Event "MTO"]
[Site "Biel SUI"]
[Date "2010.07.29"]
[Round "10"]
[White "Mensch,E"]
[Black "Mikhalevski,V"]
[Result "0-1"]
[WhiteElo "2366"]
[BlackElo "2610"]
[EventDate "2010.07.19"]

1. c4 e5 2. g3 c6 3. Nc3 d5 4. cxd5 cxd5 5. d4 e4 6. Qb3 Nc6 7. Be3 Nf6 8.
Nh3 Na5 9. Qc2 h6 10. Bf4 Bf5 11. e3 Qd7 12. Be5 Bxh3 13. Bxh3 Qxh3 14.
Bxf6 Qd7 15. Be5 f6 16. Rd1 Bb4 17. O-O fxe5 18. dxe5 Bxc3 19. Qxc3 Nc6 20.
e6 Qxe6 21. Qxg7 O-O-O 0-1

[Event "MTO"]
[Site "Biel SUI"]
[Date "2010.07.29"]
[Round "10"]
[White "Domont,A"]
[Black "Kelecevic,N"]
[Result "1/2-1/2"]
[WhiteElo "2328"]
[BlackElo "2294"]
[EventDate "2010.07.19"]

1. e4 c6 2. d4 d5 3. f3 e6 4. Nc3 Nf6 5. a3 c5 6. Bf4 a6 7. Nge2 dxe4 8.
fxe4 cxd4 9. Qxd4 Qxd4 10. Nxd4 Nbd7 11. Nf3 Nh5 12. Bc7 b5 13. O-O-O b4
14. axb4 Bxb4 15. e5 Bb7 16. Rd4 1/2-1/2

[Event "MTO"]
[Site "Biel SUI"]
[Date "2010.07.29"]
[Round "10"]
[White "Nedilko,V"]
[Black "Gaehwiler,G"]
[Result "1-0"]
[WhiteElo "2408"]
[BlackElo "2250"]
[EventDate "2010.07.19"]

1. d4 Nf6 2. c4 g6 3. Nc3 Bg7 4. Nf3 O-O 5. g3 d6 6. Bg2 Nc6 7. O-O Bf5 8.
Ne1 Na5 9. e4 Bg4 10. f3 Bd7 11. Qe2 c5 12. dxc5 Be6 13. Nd5 dxc5 14. Be3
Rc8 15. Rd1 Nxd5 16. exd5 Bd7 17. f4 Qb6 18. b3 e6 19. Qf2 Rfd8 20. Nf3
exd5 21. Rxd5 Bf8 22. Ng5 Be6 23. Nxe6 Qxe6 24. f5 Qf6 25. Qd2 Nc6 26. Bg5
Rxd5 27. Bxd5 Qd4+ 28. Qxd4 Nxd4 29. fxg6 hxg6 30. Rxf7 1-0

[Event "MTO"]
[Site "Biel SUI"]
[Date "2010.07.29"]
[Round "10"]
[White "Al Tamimi,H"]
[Black "Paikidze,N"]
[Result "1/2-1/2"]
[WhiteElo "2243"]
[BlackElo "2346"]
[EventDate "2010.07.19"]

1. e4 c6 2. d4 d5 3. Nc3 dxe4 4. Nxe4 Bf5 5. Ng3 Bg6 6. h4 h6 7. Nf3 Nd7 8.
h5 Bh7 9. Bd3 Bxd3 10. Qxd3 e6 11. Bf4 Qa5+ 12. Bd2 Qc7 13. O-O-O Ngf6 14.
Ne4 O-O-O 15. g3 Nxe4 16. Qxe4 Bd6 17. c4 c5 18. Bc3 Nf6 19. Qe2 cxd4 20.
Nxd4 a6 21. Nf3 Rd7 22. Ne5 Bxe5 23. Bxe5 Qc6 24. Bxf6 Rxd1+ 25. Rxd1 gxf6
26. Kb1 Rd8 27. Rxd8+ Kxd8 28. g4 Ke7 29. f3 Kf8 30. b4 Qd6 31. c5 Qd4 32.
Qe4 Qd1+ 33. Kb2 Qd2+ 34. Kb3 Qd1+ 35. Kb2 Qd2+ 36. Kb3 1/2-1/2

[Event "MTO"]
[Site "Biel SUI"]
[Date "2010.07.29"]
[Round "10"]
[White "Kolbus,D"]
[Black "Bozinovic,Bog"]
[Result "1-0"]
[WhiteElo "2343"]
[BlackElo "2232"]
[EventDate "2010.07.19"]

1. Nf3 e6 2. g3 Nf6 3. Bg2 Be7 4. O-O O-O 5. c4 d5 6. b3 b6 7. Bb2 Bb7 8.
cxd5 exd5 9. d4 Nbd7 10. Nc3 Re8 11. Rc1 a6 12. Qc2 Bd6 13. Nh4 g6 14. Nf3
Rc8 15. Qb1 Qe7 16. e3 h5 17. Rfe1 Rcd8 18. Rc2 Qf8 19. Qc1 Ng4 20. Ne2 Qe7
21. Nf4 Kg7 22. h3 Nh6 23. Ne5 Nf6 24. Nfd3 Ne4 25. Nc6 Bxc6 26. Rxc6 f6
27. Nf4 Qf7 28. Ba3 Bxa3 29. Qxa3 a5 30. Rec1 Rd7 31. R1c2 g5 32. Ne2 Nf5
33. Qc1 Ree7 34. Nc3 Nxc3 35. R2xc3 Nd6 36. Qd1 Ne4 37. Rc1 Nd6 38. Qf3 Ne4
39. h4 g4 40. Qf5 Qg6 41. Bxe4 dxe4 42. Qf4 Qf7 43. R1c4 Kg6 44. Qg5+ 1-0

[Event "MTO"]
[Site "Biel SUI"]
[Date "2010.07.29"]
[Round "10"]
[White "Kamber,B"]
[Black "Gerstner,B"]
[Result "1/2-1/2"]
[WhiteElo "2302"]
[BlackElo "2191"]
[EventDate "2010.07.19"]

1. e4 e5 2. Bc4 Nf6 3. d3 Nc6 4. Nf3 Bc5 5. Nc3 d6 6. Bg5 Na5 7. Bb3 h6 8.
Bxf6 Qxf6 9. Nd5 Qd8 10. Ba4+ Nc6 11. c3 O-O 12. d4 Bb6 13. dxe5 Nxe5 14.
Nxe5 dxe5 15. Qh5 c6 16. Nxb6 axb6 17. Rd1 Qf6 18. Bb3 Be6 19. O-O Rfd8
1/2-1/2

[Event "MTO"]
[Site "Biel SUI"]
[Date "2010.07.29"]
[Round "10"]
[White "Kuhn,T"]
[Black "Rosenthal,Jon"]
[Result "1/2-1/2"]
[WhiteElo "2218"]
[BlackElo "2291"]
[EventDate "2010.07.19"]

1. d4 Nf6 2. Nf3 e6 3. Bg5 h6 4. Bxf6 Qxf6 5. e4 d6 6. Nc3 Nd7 7. Qe2 Qd8
8. g3 a6 9. Bg2 Be7 10. O-O-O b5 11. h4 Bb7 12. Rd2 c6 13. Nd1 d5 14. Ne5
Nxe5 15. dxe5 Qc7 16. f4 O-O-O 17. exd5 cxd5 18. Kb1 h5 19. Nf2 g6 20. Nh3
Kb8 21. Ng5 Bc5 22. Bf3 Rh6 23. Rd3 Qe7 24. Qd2 Rhh8 25. g4 hxg4 26. Bxg4
Rh6 27. Rdh3 Rdh8 28. Qd3 Bc6 29. a3 Ka7 30. h5 gxh5 31. Bxh5 Be8 32. Qc3
Bb6 33. Ka2 Bd8 34. Qd4+ Bb6 35. Qd1 f6 36. Bxe8 Rxh3 37. Rxh3 Rxh3 38.
Nxh3 Qxe8 39. exf6 Qg6 40. Ng5 1/2-1/2

[Event "MTO"]
[Site "Biel SUI"]
[Date "2010.07.29"]
[Round "10"]
[White "Van der Heijden,T"]
[Black "Donchenko,Alexa"]
[Result "1-0"]
[WhiteElo "2162"]
[BlackElo "2174"]
[EventDate "2010.07.19"]

1. d4 d5 2. Nf3 Nf6 3. c4 dxc4 4. Nc3 e6 5. e4 Bb4 6. Bxc4 c5 7. O-O O-O 8.
e5 Nd5 9. Bg5 Qd7 10. Ne4 cxd4 11. Nxd4 Nc6 12. Nxc6 Qxc6 13. Qg4 Kh8 14.
Bd3 Be7 15. Nf6 Bxf6 16. Qh4 g6 17. Bxf6+ Nxf6 18. Qxf6+ Kg8 19. h4 Qd5 20.
Rfd1 Qd8 21. Qf4 Qe7 22. Be4 Rd8 23. Rd6 Bd7 24. Rad1 Be8 25. h5 Rdc8 26.
hxg6 hxg6 27. R1d3 Bc6 28. Bxc6 bxc6 29. Rd7 Qf8 30. Rf3 Rd8 31. Rxf7 Rd1+
32. Kh2 Qc5 33. Rg7+ Kxg7 34. Qf6+ 1-0

[Event "MTO"]
[Site "Biel SUI"]
[Date "2010.07.30"]
[Round "11"]
[White "Kritz,L"]
[Black "Kosintseva,N"]
[Result "1/2-1/2"]
[WhiteElo "2618"]
[BlackElo "2551"]
[EventDate "2010.07.19"]

1. e4 c5 2. Nf3 d6 3. Nc3 Nc6 4. d4 cxd4 5. Nxd4 Nf6 6. Bg5 e6 7. Qd2 a6 8.
O-O-O Bd7 9. f4 h6 10. Bh4 g5 11. fxg5 Ng4 12. Be2 Nge5 13. Nf3 Be7 14.
Rhf1 hxg5 15. Bg3 f6 16. Nxe5 Nxe5 17. h3 1/2-1/2

[Event "MTO"]
[Site "Biel SUI"]
[Date "2010.07.30"]
[Round "11"]
[White "Bauer,Ch"]
[Black "Golod,V"]
[Result "1/2-1/2"]
[WhiteElo "2612"]
[BlackElo "2585"]
[EventDate "2010.07.19"]

1. e4 e5 2. Nf3 Nc6 3. Bb5 a6 4. Ba4 Nf6 5. O-O Be7 6. Re1 b5 7. Bb3 d6 8.
c3 O-O 9. h3 Na5 10. Bc2 c5 11. d3 h6 12. Nbd2 Re8 13. Nf1 1/2-1/2

[Event "MTO"]
[Site "Biel SUI"]
[Date "2010.07.30"]
[Round "11"]
[White "Riazantsev,A"]
[Black "Pelletier,Y"]
[Result "1-0"]
[WhiteElo "2682"]
[BlackElo "2589"]
[EventDate "2010.07.19"]

1. d4 Nf6 2. c4 e6 3. Nf3 b6 4. g3 Bb7 5. Bg2 Be7 6. Nc3 O-O 7. Qc2 c5 8.
d5 exd5 9. Nh4 b5 10. cxd5 b4 11. Nf5 d6 12. Nd1 Re8 13. Nxe7+ Qxe7 14. Ne3
g6 15. b3 Na6 16. Bb2 Nc7 17. Rd1 Nb5 18. Nc4 Ne4 19. Bxe4 Qxe4 20. Qxe4
Rxe4 21. f3 Ree8 22. Bf6 a5 23. e4 Ra6 24. O-O Na3 25. Nxa3 bxa3 26. g4 h6
27. h4 Bc8 28. Rfe1 Bd7 29. Re3 Kf8 30. Kf2 Rb8 31. e5 dxe5 32. Bxe5 Re8
33. g5 h5 34. Rc1 Rc8 35. Bf6 a4 36. Be7+ Kg8 37. Rxc5 Rxc5 38. Bxc5 axb3
39. Rxb3 f6 40. Rb8+ Kf7 41. Rf8+ Kg7 42. Rd8 Bf5 43. Bd4 Kf7 44. gxf6 Ra5
45. Ke3 1-0

[Event "MTO"]
[Site "Biel SUI"]
[Date "2010.07.30"]
[Round "11"]
[White "Maze,S"]
[Black "Lysyj,I"]
[Result "1-0"]
[WhiteElo "2573"]
[BlackElo "2631"]
[EventDate "2010.07.19"]

1. d4 e6 2. c4 Nf6 3. Nc3 Bb4 4. g3 d5 5. Bg2 c6 6. Nf3 Nbd7 7. O-O dxc4 8.
Qc2 O-O 9. a4 Qe7 10. Bf4 Nd5 11. Bg5 f6 12. Bd2 a5 13. e4 N5b6 14. Be3 Rd8
15. Rad1 Nf8 16. d5 Qc7 17. dxe6 Bxe6 18. Nd4 Bg4 19. f3 Bd7 20. Qf2 Nc8
21. f4 Bg4 22. Rd2 Re8 23. h3 Bh5 24. g4 Bf7 25. Nf5 Ne7 26. Bb6 Qb8 27.
Rfd1 Nc8 28. Be3 Ne6 29. h4 Bf8 30. Rd7 g6 31. e5 gxf5 32. gxf5 fxe5 33.
Ne4 Bg7 34. Rxf7 1-0

[Event "MTO"]
[Site "Biel SUI"]
[Date "2010.07.30"]
[Round "11"]
[White "Feller,S"]
[Black "Ulibin,M"]
[Result "1-0"]
[WhiteElo "2611"]
[BlackElo "2540"]
[EventDate "2010.07.19"]

1. Nf3 Nf6 2. c4 c5 3. Nc3 e6 4. g3 b6 5. Bg2 Bb7 6. O-O Be7 7. Re1 d5 8.
cxd5 exd5 9. d4 O-O 10. Bf4 Na6 11. Rc1 Re8 12. dxc5 Bxc5 13. Nb5 Ne4 14.
Nfd4 Qd7 15. Rf1 Rec8 16. a3 Bxd4 17. Nxd4 Nac5 18. h4 Ne6 19. Rxc8+ Rxc8
20. Bh3 Rc4 21. Be5 Qe8 22. Nxe6 fxe6 23. f3 Nf6 24. Qd2 Qe7 25. b3 Rc6 26.
Rc1 Nd7 27. Bb2 Qd6 28. Kg2 Rxc1 29. Qxc1 h6 30. Qc3 Nf6 31. Qb4 Qd7 32.
Bxf6 gxf6 33. Qg4+ Kf7 34. h5 f5 35. Qg6+ Ke7 36. Qxh6 Qb5 37. Qg7+ Kd6 38.
Qb2 e5 39. Bxf5 Qe8 40. h6 Qh5 41. h7 1-0

[Event "MTO"]
[Site "Biel SUI"]
[Date "2010.07.30"]
[Round "11"]
[White "Gleizerov,E"]
[Black "Hauchard,A"]
[Result "1/2-1/2"]
[WhiteElo "2573"]
[BlackElo "2526"]
[EventDate "2010.07.19"]

1. d4 Nf6 2. c4 e6 3. g3 Bb4+ 4. Bd2 Be7 5. Bg2 d5 6. Nf3 O-O 7. O-O c6 8.
Qb3 b6 9. Nc3 Nbd7 10. Rac1 Bb7 11. cxd5 cxd5 12. Bf4 Nh5 13. Be5 Nhf6 14.
Bf4 Nh5 15. Be5 Nhf6 16. Bf4 1/2-1/2

[Event "MTO"]
[Site "Biel SUI"]
[Date "2010.07.30"]
[Round "11"]
[White "Eichhorn,An"]
[Black "Roiz,M"]
[Result "0-1"]
[WhiteElo "2294"]
[BlackElo "2645"]
[EventDate "2010.07.19"]

1. c4 Nf6 2. g3 c6 3. Bg2 d5 4. Nf3 dxc4 5. O-O Nbd7 6. Qc2 Nb6 7. Na3 Qd5
8. Ne1 Qd4 9. e3 Qg4 10. e4 g6 11. Nxc4 Nxc4 12. Qxc4 Bg7 13. d3 O-O 14.
Be3 Rd8 15. Nf3 Qe6 16. Qc2 Ng4 17. Bf4 Ne5 18. Bxe5 Bxe5 19. Rad1 Bd4 20.
b4 Qf6 21. Qe2 e5 22. h3 a5 23. a3 Qd6 24. Qd2 axb4 25. axb4 Ra3 26. Kh2
Kg7 0-1